Aprendizaje organizacional y formación profesional para la gestión del riesgo

I tiakina i:
Ngā taipitopito rārangi puna kōrero
Kaituhi matua: Pucci, Francisco (Author)
Hōputu: Pukapuka
Reo:Pāniora
I whakaputaina: Montevideo Oficina Internacional del Trabajo 2004
Montevideo CINTERFOR 2004
Putanga:1a. ed
Rangatū:Herramientas para la Transformación
Ngā marau:
Ngā Tūtohu: Tāpirihia he Tūtohu
Kāore He Tūtohu, Me noho koe te mea tuatahi ki te tūtohu i tēnei pūkete!

MARC

LEADER 00000nam a2200000 a 4500
001 UCK5662
003 CL-VaPUC
008 050812e20040000uy |||||||||||||||||spa|d
020 |a 929088164X 
082 0 4 |a 658.382  |b PUC  |2 21 
100 0 |a Pucci, Francisco  |e author  |9 494564 
245 1 0 |a Aprendizaje organizacional y formación profesional para la gestión del riesgo 
250 |a 1a. ed 
300 |a 267 p 
942 |c BK 
945 |d 20050812 00:00:00  |a jcarroza 
260 |a Montevideo  |b Oficina Internacional del Trabajo  |c 2004 
260 |a Montevideo  |b CINTERFOR  |c 2004 
650 7 |a SOCIOLOGIA OCUPACIONAL  |2 CL-VaPUC  |9 338468 
650 0 |a Seguridad en el trabajo  |9 339687 
650 0 |a Prevención de riesgos   |9 387495 
651 0 |a Uruguay  |9 255194 
583 |a last modification  |c 20171130 01:24:30  |k Rodrigo Vera 
490 0 |a Herramientas para la Transformación 
999 |c 314158  |d 314156